000 00515nam a2200133Ia 4500
008 170221s9999 xx 000 0 und d
100 _aCara Magatelli
245 _aFacebook is Not Your Friend: Protecting a Private Employee's Expectation of Privacy in Social Networking Content in the Twenty-First Century Workplace
245 _cCara Magatelli
260 _c2013
300 _a2 : S5 Japan 1
650 _xBusiness
856 _uhttp://digitalcommons.pepperdine.edu/cgi/viewcontent.cgi?article=1088&context=jbel
999 _c313327
_d313327